00373nam a2200145Ia 450000500170000000800410001702000150005808200130007310000150008624500200010126000620012130000170018365000110020065000160021120240605010648.0240331s9999 xx 000 0 und d a8170245060 bGHOa362 aGhosh, S.K 0aWomen and crime aNew DelhibS.B. Nangia for Ashish Publishing House c1993 aviii,192 p., aWomen  aCriminology